<?xml version="1.0" encoding="UTF-8"?>
<record
    xmlns:xsi="http://www.w3.org/2001/XMLSchema-instance"
    xsi:schemaLocation="http://www.loc.gov/MARC21/slim http://www.loc.gov/standards/marcxml/schema/MARC21slim.xsd"
    xmlns="http://www.loc.gov/MARC21/slim">

  <leader>00889nam a22002297a 4500</leader>
  <controlfield tag="005">20170713102800.0</controlfield>
  <controlfield tag="008">090109t        xxu||||| |||| 00| 0urd d</controlfield>
  <datafield tag="010" ind1=" " ind2=" ">
    <subfield code="a">A-412282</subfield>
  </datafield>
  <datafield tag="020" ind1=" " ind2=" ">
    <subfield code="c">-</subfield>
    <subfield code="a">-</subfield>
  </datafield>
  <datafield tag="035" ind1=" " ind2=" ">
    <subfield code="a">A-412282</subfield>
  </datafield>
  <datafield tag="037" ind1=" " ind2=" ">
    <subfield code="b">BPPD</subfield>
  </datafield>
  <datafield tag="040" ind1=" " ind2=" ">
    <subfield code="a">DPL</subfield>
    <subfield code="b">Urdu</subfield>
  </datafield>
  <datafield tag="082" ind1=" " ind2=" ">
    <subfield code="a">615.53</subfield>
  </datafield>
  <datafield tag="100" ind1=" " ind2=" ">
    <subfield code="a">&#x688; &#x627; &#x6A9;&#x679;&#x631;&#x6A9;&#x627; &#x634;&#x6CC; &#x631; &#x627; &#x645; </subfield>
  </datafield>
  <datafield tag="245" ind1=" " ind2=" ">
    <subfield code="a">&#x633;&#x627; &#x627;&#x6A9;&#x644;&#x648; &#x67E;&#x6CC;&#x688; &#x6CC;&#x627; &#x622;&#x641; &#x6C1;&#x648; &#x645;&#x6CC;&#x648; &#x67E;&#x6CC;&#x62A;&#x6BE;&#x6A9; &#x688; &#x631; &#x6AF;&#x632; &#x6CC;&#x639;&#x6CC;&#x646;&#x6CC; &#x645;&#x62E;&#x632;&#x646; &#x627; &#x644;&#x645;&#x641;&#x631; &#x62F; &#x627; &#x62A; &#x6C1;&#x648;&#x645;&#x6CC;&#x648;&#x67E;&#x62A;&#x6BE;&#x6CC;</subfield>
    <subfield code="c"> &#x688; &#x627; &#x6A9;&#x679;&#x631;&#x6A9;&#x627; &#x634;&#x6CC; &#x631; &#x627; &#x645;   </subfield>
  </datafield>
  <datafield tag="246" ind1=" " ind2=" ">
    <subfield code="a">Cyclopedia of Homeopethik Drugs </subfield>
    <subfield code="b">By Dr. Kashi Ram</subfield>
  </datafield>
  <datafield tag="260" ind1=" " ind2=" ">
    <subfield code="a">Pakistan</subfield>
    <subfield code="b">Dr. Mohd. Irfan Chinnot </subfield>
    <subfield code="c">2016</subfield>
  </datafield>
  <datafield tag="270" ind1=" " ind2=" ">
    <subfield code="a">Chinnot ,Bazar Faisalabad </subfield>
    <subfield code="b">Pakistan</subfield>
    <subfield code="e">-</subfield>
    <subfield code="k">23812</subfield>
  </datafield>
  <datafield tag="300" ind1=" " ind2=" ">
    <subfield code="a">760&#x635;</subfield>
    <subfield code="c">22 cm(hb)</subfield>
  </datafield>
  <datafield tag="942" ind1=" " ind2=" ">
    <subfield code="2">ddc</subfield>
    <subfield code="c">UR</subfield>
    <subfield code="h">615.53</subfield>
    <subfield code="m">&#x6A9; &#x627; &#x634; </subfield>
  </datafield>
  <datafield tag="999" ind1=" " ind2=" ">
    <subfield code="c">142494</subfield>
    <subfield code="d">142494</subfield>
  </datafield>
  <datafield tag="952" ind1=" " ind2=" ">
    <subfield code="0">0</subfield>
    <subfield code="1">0</subfield>
    <subfield code="2">ddc</subfield>
    <subfield code="4">0</subfield>
    <subfield code="7">0</subfield>
    <subfield code="8">NFIC</subfield>
    <subfield code="a">L</subfield>
    <subfield code="b">L</subfield>
    <subfield code="d">2017-07-13</subfield>
    <subfield code="e">BPPD</subfield>
    <subfield code="g">0.00</subfield>
    <subfield code="l">1</subfield>
    <subfield code="o">615.53 &#x6A9; &#x627; &#x634;</subfield>
    <subfield code="p">A-412282</subfield>
    <subfield code="r">2022-05-25 00:00:00</subfield>
    <subfield code="s">2022-05-10</subfield>
    <subfield code="t">1</subfield>
    <subfield code="v">0.00</subfield>
    <subfield code="w">2017-07-13</subfield>
    <subfield code="y">UR</subfield>
  </datafield>
</record>
